[Event "Barcelona Sant Marti op-B 19th"]
[Site "Barcelona"]
[Date "2017.07.21"]
[Round "9"]
[White "Del Valle, Clemence"]
[Black "Mota, Pankit"]
[Result "0-1"]
[WhiteElo "1759"]
[BlackElo "1859"]
[PlyCount "76"]
[EventDate "2017.07.13"]
[EventType "swiss"]
[EventRounds "9"]
[EventCountry "ESP"]
[SourceTitle "EXT 2018"]
[Source "ChessBase"]
[SourceDate "2017.10.13"]
[SourceVersion "1"]
[SourceVersionDate "2017.10.13"]
[SourceQuality "1"]

1. e4 e6 2. d4 d5 3. Nc3 Bb4 4. e5 Qd7 5. a3 Bf8 6. f4 b6 7. Nf3 f6 8. Be2 Nh6 9. 0-0 c5 10. Kh1 Ba6 11. Bxa6 Nxa6 12. Qe2 Nc7 13. Nd1 c4 14. Ne3 f5 15. Ng5 g6 16. Bd2 Nb5 17. Bc3 Be7 18. g4 0-0-0 19. a4 Nxc3 20. bxc3 Bxg5 21. fxg5 Nf7 22. a5 b5 23. a6 Nxg5 24. Rfb1 Kc7 25. Rb4 Rb8 26. Qe1 f4 27. Nf1 Ne4 28. Qc1 g5 29. Qa3 Rb6 30. Rab1 Rhb8 31. R4b2 Qe8 32. Qa5 Kc8 33. Qa3 f3 34. Kg1 Qf7 35. h3 h5 36. gxh5 g4 37. hxg4 Qf4 38. Qe7 Qxg4+ 0-1

[Event "Barcelona Sant Marti op-B 19th"]
[Site "Barcelona"]
[Date "2017.07.20"]
[Round "8"]
[White "Husson, Cybele"]
[Black "Del Valle, Clemence"]
[Result "0-1"]
[WhiteElo "1870"]
[BlackElo "1759"]
[PlyCount "110"]
[EventDate "2017.07.13"]
[EventType "swiss"]
[EventRounds "9"]
[EventCountry "ESP"]
[SourceTitle "EXT 2018"]
[Source "ChessBase"]
[SourceDate "2017.10.13"]
[SourceVersion "1"]
[SourceVersionDate "2017.10.13"]
[SourceQuality "1"]

1. e4 d6 2. d4 Nd7 3. Nc3 e5 4. Nf3 c6 5. h3 Be7 6. Bc4 Ngf6 7. a3 Qc7 8. Ba2 b5 9. 0-0 0-0 10. Bg5 Bb7 11. Qe2 a6 12. b4 Rac8 13. Bh4 h6 14. Bg3 Rfe8 15. dxe5 dxe5 16. Rad1 a5 17. bxa5 Qxa5 18. Nb1 Bxa3 19. Nh4 Bf8 20. c3 Nc5 21. Ng6 Ncxe4 22. Bxe5 Qb6 23. Qc2 c5 24. Nxf8 Rxf8 25. Nd2 Rcd8 26. Kh2 Nxd2 27. Rxd2 Qc6 28. f3 Rxd2 29. Qxd2 c4 30. Bb1 Qd5 31. Qf4 Nh5 32. Qe4 Qxe4 33. fxe4 Re8 34. Bd4 Bxe4 35. Re1 Bc6 36. Rf1 Re2 37. Bf2 Nf4 38. Rd1 f6 39. Kg3 Nh5+ 40. Kg4 Rxf2 41. Rd8+ Kf7 42. Kxh5 Rxg2 43. Kh4 g5+ 44. Kh5 Rg3 45. Bf5 Rxc3 46. Rh8 Bf3+ 47. Kxh6 Ke7 48. Kg6 Bg2 49. Rh7+ Kd6 50. Kxf6 Rg3 51. Bg4 c3 52. Bf5 b4 53. Rh8 b3 54. Rb8 b2 55. Rb3 Bxh3 0-1

[Event "Barcelona Sant Marti op-B 19th"]
[Site "Barcelona"]
[Date "2017.07.15"]
[Round "3"]
[White "Gonzalez Lafita, Oscar"]
[Black "Del Valle, Clemence"]
[Result "0-1"]
[WhiteElo "1867"]
[BlackElo "1759"]
[PlyCount "98"]
[EventDate "2017.07.13"]
[EventType "swiss"]
[EventRounds "9"]
[EventCountry "ESP"]
[SourceTitle "EXT 2018"]
[Source "ChessBase"]
[SourceDate "2017.10.13"]
[SourceVersion "1"]
[SourceVersionDate "2017.10.13"]
[SourceQuality "1"]

1. d4 d5 2. c4 e6 3. Nc3 Nf6 4. cxd5 exd5 5. Bg5 Be7 6. e3 c6 7. Qc2 h6 8. Bf4 Bd6 9. Bxd6 Qxd6 10. Bd3 0-0 11. Nf3 Re8 12. 0-0 Nbd7 13. Rab1 a5 14. a3 Qe7 15. Nd2 Nf8 16. b4 axb4 17. axb4 Ne6 18. b5 c5 19. dxc5 Nxc5 20. Be2 Be6 21. Nf3 Rec8 22. Qb2 Bf5 23. Ra1 Nce4 24. Rxa8 Rxa8 25. Nd4 Bg6 26. Rc1 Nxc3 27. Qxc3 Ne4 28. Qb3 Qh4 29. g3 Qg5 30. Nf3 Qf5 31. Qd1 Bh5 32. Kg2 Bg4 33. Qe1 Ra2 34. Nd4 Bh3+ 35. Kg1 Qf6 36. f3 Nd6 37. Rc2 Ra3 38. Qc1 Ra8 39. Rc5 Qe5 40. f4 Qe4 41. Bf3 Qd3 42. Rc3 Qg6 43. Bxd5 Ne4 44. Rc2 Re8 45. Rc7 Nd6 46. Bg2 Bxg2 47. Kxg2 Qe4+ 48. Kf2 Qd3 49. Rc3 Ne4+ 0-1

[Event "Saint Affrique op 22nd"]
[Site "Saint Affrique"]
[Date "2014.07.20"]
[Round "2"]
[White "Galy, Christian"]
[Black "Del Valle, Clemence"]
[Result "0-1"]
[WhiteElo "1314"]
[BlackElo "1627"]
[PlyCount "92"]
[EventDate "2014.07.19"]
[EventType "swiss"]
[EventRounds "9"]
[EventCountry "FRA"]
[SourceTitle "CBM 161 Extra"]
[Source "ChessBase"]
[SourceDate "2014.08.29"]
[SourceVersion "1"]
[SourceVersionDate "2014.08.29"]
[SourceQuality "1"]

1. d4 d5 2. e3 Nf6 3. Bd3 e6 4. f4 c5 5. c3 Nc6 6. Nf3 c4 7. Bc2 b5 8. Nbd2 a5 9. Ne5 Bd7 10. 0-0 b4 11. e4 Bd6 12. Nxc6 Bxc6 13. e5 Be7 14. exf6 Bxf6 15. Nf3 Qb6 16. Ne5 Bb7 17. Ba4+ Ke7 18. Nd7 Qc7 19. Nxf6 gxf6 20. Qh5 Rag8 21. Bd1 Rg7 22. Bf3 Bc8 23. Rf2 Bd7 24. Bd2 b3 25. axb3 cxb3 26. Be2 f5 27. Rc1 Qb7 28. c4 dxc4 29. Bc3 Rhg8 30. Qh4+ f6 31. Bf3 Rg6 32. Re2 R8g7 33. Qe1 Qc7 34. Bxa5 Qxf4 35. Qb4+ Kf7 36. Rf1 Qxd4+ 37. Rff2 Qh4 38. Qd6 Kg8 39. Bb4 h6 40. Qb8+ Kh7 41. Bd6 e5 42. Bd5 Rg4 43. Bf8 Rd4 44. Bxg7 Rd1+ 45. Rf1 Qd4+ 46. Ref2 Rxf1+ 0-1

[Event "FRA-ch U14 Girls"]
[Site "Aix les Bains"]
[Date "2009.04.19"]
[Round "1"]
[White "Eid, Maha"]
[Black "Del Valle, Clemence"]
[Result "1-0"]
[WhiteElo "1929"]
[BlackElo "1470"]
[PlyCount "81"]
[EventDate "2009.04.19"]
[EventType "swiss"]
[EventRounds "9"]
[EventCountry "FRA"]
[SourceTitle "CBM 130 Extra"]
[Source "ChessBase"]
[SourceDate "2009.07.02"]
[SourceVersion "2"]
[SourceVersionDate "2009.07.15"]
[SourceQuality "1"]

1. d4 d5 2. c4 e6 3. Nc3 Nf6 4. cxd5 exd5 5. Bg5 Be7 6. e3 Be6 7. Bd3 Nbd7 8. Nge2 h6 9. Bh4 c6 10. Qc2 Qc7 11. h3 Rc8 12. 0-0-0 c5 13. Bxf6 Bxf6 14. Nf4 Qc6 15. Bb5 Qd6 16. Nxe6 Qxe6 17. Kb1 0-0 18. Qd2 Rfd8 19. Rhe1 a6 20. Be2 Qc6 21. Bg4 Rc7 22. Rc1 Qd6 23. f4 Nb6 24. Be2 Re8 25. g4 Qe6 26. Nd1 Qe4+ 27. Bd3 Qe7 28. Qa5 Rc6 29. dxc5 Nd7 30. Nc3 Rxc5 31. Qb4 Bxc3 32. Rxc3 Rxc3 33. Qxc3 Nc5 34. Bc2 Rc8 35. b4 b6 36. bxc5 Rxc5 37. Qe5 Qxe5 38. fxe5 Rc6 39. Rd1 Rc5 40. e4 Rb5+ 41. Kc1 1-0